000 00401 a2200133 4500
005 20250522083139.0
020 _a85264 131 1
082 _a6621.3 MET
100 _aMETCALFE, T. J.
245 _aWeighing Machines: A Treatise in Three Volumes, Vol. 2, Semi-self-Indicating and Semi-Indicating Mechanisms
260 _aLondon
_bGriffin
_c1969
300 _axv,178p., ii.
_bIndex
_c24cm.
942 _2ddc
_cBKS
999 _c2500
_d2500